Posledná prechádzka Oravou

Bibliographic Details
Main Author: Jankovský, Milan, 1932-2011 (Author)
Format: Article
Language:Slovak
Subjects:

MARC

LEADER 00000nab a2200000 a 4500
001 vtls000281730
003 SK-MaSNL
005 20260302215858.0
008 160215c1987 xo 0 slo
015 |a SNBRB19rr/mm-uuuuu 
035 |a CL0291848 
040 |a SNKBUCL  |b slo  |c SNKBUCL  |e AACR2 
041 0 |a slo 
044 |a xo  |c SK 
080 |a 75.071.1  |2 1981 
080 |a 929 Medvecká, Mária  |2 1981 
100 1 |a Jankovský, Milan,  |d 1932-2011  |4 aut  |9 238894 
245 1 0 |a Posledná prechádzka Oravou  |c Milan Jankovský 
600 1 7 |a Medvecká, Mária,  |d 1914-1987  |2 snkbucl  |9 118185 
655 7 |a články z novín a časopisov  |2 snkbucl  |9 267496 
773 0 |t Nové slovo  |g Roč. 29, č. 18 (1987) 
850 |a Slovenská národná knižnica v Martine  |a MTA001 
852 |a SNK  |b KIS3GCP 
958 |a BX 
958 |a RK 
992 |a RBX 
999 |c 1504413  |d 1506343